| 000 | 00763nam a2200193Ia 4500 | ||
|---|---|---|---|
| 003 | GCL | ||
| 008 | 140319s9999 xx 000 0 ara d | ||
| 040 |
_aGCL / _cGCL |
||
| 082 | 0 | 4 |
_a811.062 _bع و |
| 100 | 1 | _aعبدالعزيز بن عبدالرحمن بن ثنيان العمران | |
| 245 | 1 | 0 |
_aالوحدة الاسلامية فى الشعر العربى الحديث / _cعبدالعزيز بن عبدالرحمن بن ثنيان العمران |
| 250 | _aالاولى | ||
| 300 |
_a242 ص ؛ _c24 سم |
||
| 650 | 0 | 4 | _aالادب العربى |
| 650 | 0 | 4 | _aالشعر الدينى |
| 650 | 0 | 4 | _aالشعر العربى - دواوين وقصائد |
| 650 | 0 | 4 | _aالشعر العربى - تاريخ ونقد - العصرالحديث |
| 942 |
_2ddc _cBK |
||
| 999 |
_c3807 _d3807 |
||